000 01255cam a2200265 a 4500
999 _c16171
_d16171
001 616344
003 ARRUPE
005 20170921124456.0
008 920817s1993 nju b 000 0 eng
010 _a 92032188
020 _a013666959X
040 _aDLC
_cDLC
_dDLC
050 0 0 _aGF21
_b.E56 1993
082 0 0 _a179/.1
_220
245 0 0 _aEnvironmental philosophy :
_bfrom animal rights to radical ecology /
_cgeneral editor, Michael E. Zimmerman ; associate editors, J. Baird Callicott ... [et al.].
260 _aEnglewood Cliffs, N.J. :
_bPrentice-Hall,
_cc1993.
300 _ax, 437 p. ;
_c23 cm.
504 _aIncludes bibliographical references.
505 2 _aEnvironmental ethics : individualistic approaches, holistic approaches -- Deep ecology -- Ecofeminism -- Social ecology.
650 0 _aHuman ecology
_xPhilosophy.
_936086
650 0 _aEnvironmental ethics.
_936103
700 1 _aZimmerman, Michael E.,
_d1946-
_936104
906 _a7
_bcbc
_corignew
_d1
_eocip
_f19
_gy-gencatlg
942 _2lcc
_cMONOGRAPH